00784nam a2200229 4500999001900000005001700019010001500036020003100051035001400082037001300096082000800109245010100117250000800218260002600226270007900252300002100331700001800352700001900370700002100389942002200410952012200432 c188951d18895120220608113604.0 aENG-133117 a978-93-528-0671-3c1395.00 aEN-116649 bDBAD/PUB a378 aHigher Education in Federal Countries:bA Comparative Study/cedited by Martin Carnoy...[et.al.] a1st aNew DelhibSagec2018 aB1/I-1 Mohan Cooperative Industrial Area, Mathura Road bNew Delhie110044 a478p.c22cm(hbk) aFroumin, Isak aLeshukov, Oleg aMarginson, Simon 2ddccENh378mHIG 001040708NFICaBL1bBL1d2022-06-08eDBAD/PUBg1395.00l0o378 HIGpEN-116649r2022-06-08 00:00:00t1v1395.00yEN